Statistiques concernant Italiens célèbres par images

Cliquez ici pour prendre le quiz!

Statistiques générales

  • Ce quiz a été pris 232 fois
  • Le résultat moyen est 9 sur 16

Statistiques - réponses

Réponse% Correct
Léonard de Vinci
97%
Jules César
91%
Benito Mussolini
86%
Monica Bellucci
76%
Silvio Berlusconi
65%
Paolo Maldini
63%
Luciano Pavarotti
52%
Roberto Baggio
49%
Antonio Vivaldi
48%
Christophe Colomb
48%
Valentino Rossi
48%
Lino Ventura
40%
Galilée
39%
Michel-Ange
34%
Andrea Bocelli
25%
Marco Polo
19%

Distribution des résultats

Percentile par nombre de réponses

% des personnes avec chaque résultat

Votre développement - résultats

Vous n’avez pas pris ce quiz